| 000 | | | 05770cmc2a2200000 x 450 |
| 001 | | | 8aee3ac7-bc5c-419f-9285-555c80aa9abb |
| 005 | | | 20161012160649.0 |
| 200 | 1# | $a | План-карта работ по укреплению Выборга |
| 300 | ## | $a | Заголовок дела также: План-карта работ по укреплению города Выборга 1709 года. Синька |
| 300 | ## | $a | Бумага. Тушь, карандаш, акварель |
| 300 | ## | $a | Рукописный текст. Чернила |
| 300 | ## | $a | На шведском языке |
| 937 | ## | $h | ПБ |
| 801 | #0 | $a | RU |
| | $b | ПБ им. Б.Н. Ельцина |
| | $c | 20160111 |
| 801 | #1 | $a | RU |
| | $b | ПБ им. Б.Н. Ельцина |
| | $c | 20161011 |
| | $2 | rusmarc |
| 801 | #2 | $a | RU |
| | $b | ПБ им. Б.Н. Ельцина |
| | $c | 20161011 |
| | $g | RCR |
| | $2 | rusmarc |
| 100 | ## | $a | 20161011l17091709k y0rusy са |
| 101 | 0# | $a | swe |
| 122 | 0# | $a | d1709###### |
| 517 | 1# | $a | План-карта работ по укреплению города Выборга 1709 года. Синька |
| 461 | #0 | $1 | 001c4c30068-c070-47bb-88e5-61dd43074524 |
| | $1 | 2001 |
| | $a | Карты, планы, чертежи г. Выборга, Выборгской, Куопиоской, Миккельской губерний |
| | $1 | 251 |
| | $c | Фонд |
| | $1 | 852 |
| | $j | 531 |
| 462 | #0 | $1 | 0019a75f7fa-d3a6-4108-9e3d-0cd6123cd871 |
| | $1 | 2001 |
| | $a | Карты, планы и чертежи г. Выборга, Выборгской, Куопиоской и Миккельской губерний |
| | $v | Ед. хр. 83 |
| | $1 | 251 |
| | $c | Опись |
| | $1 | 852 |
| | $j | 1 |
| 850 | ## | $a | Государственное казенное учреждение "Ленинградский областной государственный архив в г. Выборге" (ЛОГАВ) |
| 852 | ## | $a | Лен. обл. гос. архив в г. Выборге |
| | $j | 83 |
| 215 | ## | $a | 1 лист |
| 251 | ## | $c | Документ |
| 120 | ## | $a | baa |
| 121 | ## | $a | aaaa a |
| 123 | 1# | $a | a |
| 124 | ## | $a | a |
| | $b | d |
| | $b | j |
| 509 | 00 | $a | Выборг |
| | $h | город |
| | $l | План |
| 509 | 00 | $a | Выборг |
| | $h | город |
| | $l | Карта |
| 686 | ## | $2 | rubbk |
| | $a | 63.3(2Рос-4Лен-2Выборг)5я64 |
| | $v | LBC/M |
| 617 | ## | $2 | prlib_sh |
| | $c | Ленинградская область |
| 605 | ## | $2 | acquisition_Prlib |
| | $3 | LIBNET\UAF\0000011043 |
| | $a | Ленинградская область: страницы истории |
| | $l | коллекция |
| 605 | ## | $a | Территория России: Ленинградская область |
| | $l | коллекция |
| | $2 | acquisition_Prlib |
| | $3 | LIBNET\UAF\0000039012 |
| 605 | ## | $a | Территория |
| | $l | коллекция |
| | $2 | acquisition_Prlib |
| | $3 | DITM\AF\0000004675 |
| 607 | ## | $2 | nlr_sh |
| | $3 | RU\NLR\AUTH\661593238 |
| | $a | Выборг, город (Ленинградская область) |
| | $j | Планы |
| 607 | ## | $a | Выборг, город (Ленинградская область) |
| | $2 | nlr_sh |
| | $3 | RU\NLR\AUTH\6601595662 |
| | $x | История |
| | $z | 18 - нач. 20 вв. |